阪神大学野球連盟出身の現役選手(2026) - Statistics

General Stats
  • This quiz has been taken 6 times
  • The average score is 7 of 10
Answer Stats
大学 現所属 ポジション 選手名 % Correct
天理 広島 捕手 石原貴規
100%
天理 広島 投手 森浦大輔
83%
関西国際 巨人 投手 大勢
83%
関西国際 ロッテ 投手 益田直也
83%
甲南 広島 投手 岡本駿
83%
大阪産業 楽天 投手 松田啄磨
67%
天理 ロッテ 内野手 友杉篤輝
67%
大阪体育 中日 投手 松葉貴大
67%
天理* 西武 投手 斎藤佳紳
50%
大阪体育* 楽天 投手 酒居知史
50%
No matching quizzes found
Score Distribution
Percent of People with Each Score
Percentile by Number Answered
Your Score History
You have not taken this quiz